A-Z: animals & plants ending in H - Statistics

General Stats
  • This quiz has been taken 21 times
  • The average score is 14 of 26
Answer Stats
Initial letter Clue Organism's name ending in H % Correct
C Cat which is the fastest animal on land Cheetah
100%
M Nocturnal version of the butterfly Moth
100%
O The world's largest bird Ostrich
100%
S Slow-moving mammal of the Americas Sloth
95%
F It's estimated there are over 3 trillion of these in the world's seas Fish
89%
J Transparent-looking squidgy invertebrate which sometimes washes up on beaches Jellyfish
84%
P A freshwater fish; also meaning a place where birds rest Perch
84%
L Blood-sucking beastie of the jungle Leech
74%
W Extinct furry elephant Woolly mammoth
68%
Z Sea creature with stripes reminiscent of a plains mammal Zebrafish
68%
I Night-flying cousin of the butterflies, bearing the name of a moon of Jupiter Io moth
47%
T Family of birds, usually speckled, which includes the blackbird Thrush
47%
A Holy-sounding sea animal Angelfish
42%
G European songbird with black, yellow and red on it Goldfinch
42%
N Bird which can descend the trunks of trees, searching for insects in the bark Nuthatch
42%
E Sea creature with a feline name, which can shock you if you touch it Electric catfish
37%
Y Species of T named after an Arabian country Yemen thrush
32%
B Berry-eating bird whose male is red with a black cap Bullfinch
26%
D Large insect whose clue can be given as "fatality's face insect" Death’s head cockroach
26%
H Rare cousin of the above, named after the fruit of a common small tree Hawfinch
26%
K One name for a large mackerel species Kingfish
26%
Q Songbird bearing the name of a small game bird Quailfinch
26%
R Sea animal which sounds as if it has lipstick on, named after a flying mammal Red-lipped batfish
26%
V Small flowering plant related to peas Vetch
26%
U Species of the above which only has a single hue Unicolored thrush
21%
X Very obscure fish Xanthogramma sandperch
0%
No matching quizzes found
Score Distribution
Percent of People with Each Score
Percentile by Number Answered
Your Score History
You have not taken this quiz